000
00355nam a2200157Ia 4500
100
_a
Haggard/Gary/ Schlip F.J
650
_a
Mathematics
942
_c
BK
366
_f
17.5
245
_a
Discrete Mathematics for Computer Science
260
_b
Cengage Learning
_c
2006
082
_a
003.3/HAG
_b
HAG
300
_a
600
546
_a
ENGLISH
999
_c
19776
_d
19776